00744nam a2200181 i 450000100060000000300090000600500170001500700030003200800410003510000300007624501870010626000320029330000220032570000400034785200320038799900170041995201260043649757ES-MaACL20230906162047.0t|030723s1961 sp ||||1| spa d1 aCourtois, Gaston.918228014aLos estados de perfección. I. Eligieron lo mejor b: documentos pontificios desde León XIII hasta nuestros días / cGastón Courtois ; traducción Faustino Martínez Goñi. a[Madrid : bAtenas, c1961] a249 p. ; c20 cm.1 aMartínez Goñi, Faustino.978139 aES-MaACLjC-19704 bR.47500 c49757d49757 00104070aATENEOMbATENEOMcGaleríad2008-01-17eSCl0oC-19704p1052351r2023-02-23 00:00:00w2023-02-23yMONOGRAFIA